000
00511nam a2200169Ia 4500
008
090123s9999 xx 000 0 und d
082
_b
987
100
_a
माटे म. श्री.
245
_a
माणूसकिचा गहिवर
250
_a
1
300
_a
149
600
_a
माटे म. श्री.
630
_a
माणूसकिचा गहिवर
700
_a
माटे म. श्री.
730
_a
माणूसकिचा गहिवर
942
_c
BOOK
999
_c
39072
_d
39072